000 00367 a2200121 4500
082 _a297.63
100 _aNomani, Allama Shibili
245 _aSeerat-un-Nabi (S.A.W) (Vol II)
_cAllama Shibili Nomani & S. Sulaman Nadvi
260 _aRawalpindi:
_bMaktaba islami,
_c 2002.
300 _a614 p. ;
_c 25 cm.
650 _aMuhammad (S.A.W.), Prophet.
942 _cBK
_k297.63 NOM
999 _c7850
_d7850